| 000 | 00567nam a22001697a 4500 | ||
|---|---|---|---|
| 008 | 230221b |||||||| |||| 00| 0 eng d | ||
| 040 |
_aNational Science Library _cNational Science Library |
||
| 080 | _aD 002:681.3(05) | ||
| 245 |
_aInformation processing 68 _bProceedings of IFIP Congress 68 _c/ IFIP, Edinburgh, 5-10 August 1968 |
||
| 260 |
_aAmsterdam: _bNorth-Holland, _c1969 |
||
| 300 | _axi,1650p. | ||
| 490 | _aIFIP congress series | ||
| 650 | _aInformation science | ||
| 653 | _aInformation processing | ||
| 700 | _aMorrell, A J H (Ed.) | ||
| 942 |
_2udc _cPR |
||
| 999 |
_c2404 _d2404 |
||